Т. 44 : Вопросы происхождения засоленных почв и их мелиорации; Труды Почвенного института имени В. В. Докучаева

Бібліографічні деталі
Parent link:Труды Почвенного института имени В. В. Докучаева: [журнал]/ Академия наук СССР (АН СССР), Почвенный институт им. В. В. Докучаева. Т. 44 : Вопросы происхождения засоленных почв и их мелиорации.— , 1926-
Інші автори: Ковда В. А. (редактор)
Мова:Російська
Опубліковано: 1954
Предмети:
Формат: Книга
KOHA link:https://koha.lib.tpu.ru/cgi-bin/koha/opac-detail.pl?biblionumber=351187

MARC

LEADER 00000nam2a2200000 4500
001 351187
005 20231102010358.0
035 |a (RuTPU)RU\TPU\retro\5882 
035 |a RU\TPU\retro\5782 
090 |a 351187 
100 |a 20190422d1954 k y0rusy50 ca 
101 0 |a rus 
102 |a RU 
105 |a a z 001zy 
200 0 |a Т. 44 : Вопросы происхождения засоленных почв и их мелиорации  |f отв. ред. В. А. Ковда 
210 |d 1954 
215 |a 414 с.  |c ил.  |e карты 
320 |a Библиогр. в конце ст. 
461 1 |0 (RuTPU)RU\TPU\retro\5702  |t Труды Почвенного института имени В. В. Докучаева  |o [журнал]  |f Академия наук СССР (АН СССР), Почвенный институт им. В. В. Докучаева  |v Т. 44 : Вопросы происхождения засоленных почв и их мелиорации  |d 1926-  
606 1 |a Почвоведение  |2 stltpush  |3 (RuTPU)RU\TPU\subj\71851  |9 85566 
610 1 |a исследования 
610 1 |a почвы 
610 1 |a анализ 
610 1 |a засоленные почвы 
610 1 |a мелиорация 
610 1 |a Закавказье 
610 1 |a Средняя Азия 
675 |a 631.4  |v 4 
702 1 |a Ковда  |b В. А.  |4 340 
801 1 |a RU  |b 63413507  |c 20190408 
801 2 |a RU  |b 63413507  |c 20190422  |g RCR 
942 |c BK